Statistics for FIFA 23 Dynamic Duos

Click here to take the quiz!

General Stats

  • This quiz has been taken 18 times
    (14 since last reset)
  • The average score is 10 of 20

Answer Stats

ClubNationalityPositionRatingAnswer% Correct
MarseilleDR CongoCB84Chancel Mbemba
92%
LeedsEnglandLM84Jack Harrison
85%
LeedsSpainCAM84Rodrigo
85%
BolognaAustriaST85Marko Arnautovic
77%
SpeziaWalesCDM85Ethan Ampadu
69%
StuttgartCroatiaLB85Borna Sosa
62%
FulhamWalesRM85Harry Wilson
62%
GironaUruguayST85Cristhian Stuani
54%
Club BruggeCanadaRM85Tajon Buchanan
54%
MarseilleColombiaST84Luis Suarez
46%
BolognaAustriaCB85Stefan Posch
46%
FiorentinaGhanaCM85Alfred Duncan
38%
MallorcaSouth KoreaCAM85Lee Kang-In
38%
TorinoCroatiaLM85Nikola Vlasic
38%
CadizUruguayLB85Alfonso Espino
31%
Club BruggeCanadaST85Cyle Larin
31%
HoffenheimDenmarkLW85Jacob Bruun Larsen
31%
StuttgartDenmarkCM85Nikolas Nartey
31%
SpeziaGhanaRM85Emmanuel Gyasi
23%
Hertha BerlinSouth KoreaRM85Lee Dong-Jun
15%

Score Distribution

Percentile by Number Answered

Percent of People with Each Score

Your Score History

You have not taken this quiz since the last reset